000 01024nam a2200277 a 4500
003 BLK
005 20250710104600.0
008 230320b bu |||||r|||| 00| | bu d
020 _a9786199231807
040 _aBLK
041 _aBUL
_cBUL
080 _aБългарска литература
_b821.163.2
_x-93-1
_z821.163.2-93-1
100 _9289222
_aДългъчева, Мая Георгиева
139 _aДългъчева, Мая Георгиева
245 _aСнегоград
_cМая Дългъчева ; нарис. Невена Ангелова
257 _aBGR
260 _9486533
_aПловдив
_bПоляна
_c2022
_f(Костинброд : Мултипринт)
300 _a[64] с. : с цв. ил.
_c29 см
380 _aDX
700 _9385678
_aАнгелова, Невена Христова
852 _aЦб ІІ 31657
_bЦб
852 _a821.163.2-93/Д 95 М
_bД
942 _cKNG
_n0
_s1
_011
944 _aCR
_c2023-03-20
_k30551
_lБояна Костадинова
999 _c350350
_d350350
999 _d350350